000 00277nam a22001097a 4500
008 240715b |||||||| |||| 00| 0 eng d
100 _aJotwani, Motilal
_917071
245 _aShah Latif Ka Kavya
260 _aNew Delhi:
_bSahitya Academy;
_c1969.
300 _a248p.
942 _cBK
999 _c40402
_d40402